I mutanti del sesso dalla lattazione maschile alla nuova specie umana
Saved in:
| 主要作者: | |
|---|---|
| 格式: | 圖書 |
| 語言: | 英语 |
| 出版: |
Roma
Fabio Croce Editore
2007
|
| 標簽: |
沒有標簽, 成為第一個標記此記錄!
|
MARC
| LEADER | 00000nam a2200000 4500 | ||
|---|---|---|---|
| 005 | 20240710191120.0 | ||
| 008 | 240710b |||||||| |||| 00| 0 eng d | ||
| 020 | |a 9788889337608 | ||
| 040 | |c GP | ||
| 100 | |a Persico, Gloria | ||
| 245 | |a I mutanti del sesso |b dalla lattazione maschile alla nuova specie umana | ||
| 260 | |a Roma |b Fabio Croce Editore |c 2007 | ||
| 942 | |2 ddc |c BK | ||
| 952 | |0 0 |1 0 |2 ddc |4 0 |6 155_000000000000000_PER |7 1 |9 1614 |a RM |b RM |d 2024-07-10 |l 0 |o 155 PER |p 377 |r 2024-07-10 19:11:44 |w 2024-07-10 |y BK | ||
| 999 | |c 1433 |d 1433 | ||